000 00270nam a22001217a 4500
008 170407b xxu||||| |||| 00| 0 eng d
041 _aALB
080 _a616
100 _a9
101 _aSHM
245 _aTERMAT E ANATOMISE PATOLOGJIKE
_cSUBASHI, SH
942 _2udc
_cBK
999 _c10241
_d10241